000 01081nam a2200253Ia 4500
005 20250622124033.0
008 250617s9999||||xx |||||||||||||| ||ara||
017 _a2024/20070
_bمصر. دار الكتب
020 _a9789779614113
082 0 4 _a"720,47"
_bس م
100 0 _aسهام أحمد إسماعيل أحمد بحر
245 1 0 _aالمنشآت المائية فى واحة الخارجة بالصحراء الغربية فى العصر الإسلامى :
_bدراسة آثارية معمارية /
_cسهام أحمد إسماعيل أحمد بحر
250 _aط1
260 3 _aالإسكندرية :
_b"دار الوفاء لدنيا الطباعة والنشر،"
_c2025.
300 _a560ص :
_bإيض ؛
_c24سم.
650 _aالخرسانة المسلحة
650 _aالعمارة الإسلامية
650 _aالعمارة والمجتمع
650 _aالفن الإسلامى
650 _aالمنشآت المائية
_x عمارة
650 _aنظرية الإنشاءات
942 _cBK
999 _c67610
_d67610